[Event "IECG CP.2002.Q.00016 email"]
[Site "IECG email"]
[Date "2003.10.01"]
[Round "?"]
[White "Altea, Eduardo"]
[Black "Frignani, Gianmaria"]
[Result "0-1"]
[WhiteElo "1594"]
[BlackElo "1735"]
[PlyCount "84"]
[EventDate "2003.10.01"]
[EventType "tourn (corr)"]
[EventRounds "10"]
[SourceTitle "Corr 2008"]
[Source "ChessBase"]
[SourceDate "2008.06.24"]
[SourceVersion "1"]
[SourceVersionDate "2008.06.24"]
[SourceQuality "1"]

1. e4 c5 2. Nf3 e6 3. c3 Nf6 4. e5 Nd5 5. c4 Ne7 6. Nc3 Nbc6 7. Be2 Nf5 8. d3 d6 9. Bg5 Qd7 10. exd6 Bxd6 11. 0-0 h6 12. Bd2 0-0 13. Nb5 Be7 14. Re1 b6 15. Qb3 a6 16. Nc3 Qc7 17. Be3 Bd7 18. Rac1 Rfd8 19. Na4 Rab8 20. Nc3 Bc8 21. Ne4 Bb7 22. Qc2 Nxe3 23. fxe3 f5 24. Nf2 g5 25. Qb3 g4 26. Nd2 Bh4 27. Nf1 h5 28. g3 Bg5 29. Rb1 h4 30. Bd1 hxg3 31. hxg3 Bf6 32. Qa3 Kg7 33. Ba4 Nd4 34. Bd1 Be5 35. b4 Rh8 36. e4 Bxg3 37. Qc1 Bxf2+ 38. Kxf2 Rh2+ 39. Kg1 Rbh8 40. Qg5+ Kf7 41. bxc5 Rh1+ 42. Kf2 R8h2+ 0-1

[Event "IECG CP.2003.P.00030 email"]
[Site "IECG email"]
[Date "2003.10.01"]
[Round "?"]
[White "Frignani, Gianmaria"]
[Black "Korchut, Adam"]
[Result "1/2-1/2"]
[WhiteElo "1735"]
[BlackElo "2020"]
[PlyCount "76"]
[EventDate "2003.10.01"]
[EventType "tourn (corr)"]
[EventRounds "6"]
[EventCountry "ITA"]
[SourceTitle "Corr 2008"]
[Source "ChessBase"]
[SourceDate "2008.06.24"]
[SourceVersion "1"]
[SourceVersionDate "2008.06.24"]
[SourceQuality "1"]

1. e4 e5 2. Nf3 Nc6 3. d4 exd4 4. Nxd4 Nf6 5. Nxc6 bxc6 6. e5 Qe7 7. Qe2 Nd5 8. c4 Ba6 9. Nd2 Nb6 10. b3 d5 11. exd6 cxd6 12. Bb2 Qxe2+ 13. Bxe2 d5 14. cxd5 Bxe2 15. Kxe2 Nxd5 16. Rhd1 Kd7 17. Nc4 Bd6 18. Bxg7 Rhg8 19. Bh6 Rxg2 20. Nxd6 Kxd6 21. Bf4+ Ke6 22. Bg3 Nc3+ 23. Kf3 Nxd1 24. Kxg2 Nc3 25. Rc1 Nxa2 26. Rxc6+ Kf5 27. Bh4 a5 28. Rf6+ Ke4 29. Rxf7 Nc1 30. Rb7 Kd3 31. b4 a4 32. b5 a3 33. b6 a2 34. Bf6 Ra6 35. Rd7+ Ke2 36. Bc3 Nb3 37. Ra7 Rxb6 38. Rxa2+ Kd3 1/2-1/2

[Event "IECG CE.2002.0.00039 email"]
[Site "IECG email"]
[Date "2002.10.13"]
[Round "?"]
[White "Frignani, Gianmaria"]
[Black "Trevis, Robert R"]
[Result "1-0"]
[WhiteElo "1200"]
[BlackElo "1349"]
[PlyCount "63"]
[EventDate "2002.10.13"]
[EventType "tourn (corr)"]
[EventRounds "6"]
[SourceTitle "Corr 2008"]
[Source "ChessBase"]
[SourceDate "2008.06.24"]
[SourceVersion "1"]
[SourceVersionDate "2008.06.24"]
[SourceQuality "1"]

1. e4 d5 2. exd5 Qxd5 3. Nc3 Qa5 4. Nf3 Nf6 5. d4 c6 6. Ne5 Nbd7 7. Nc4 Qc7 8. Qf3 Nb6 9. Bf4 Qd8 10. Be5 Bg4 11. Qg3 h5 12. h3 h4 13. Qf4 Be6 14. Ne3 Nfd5 15. Nexd5 Nxd5 16. Nxd5 Bxd5 17. c4 f6 18. cxd5 fxe5 19. dxe5 Qa5+ 20. b4 Qa3 21. Rc1 Rd8 22. e6 Rxd5 23. Be2 a5 24. 0-0 Qxb4 25. Rxc6 bxc6 26. Qc7 Qd6 27. Qc8+ Qd8 28. Qxc6+ Rd7 29. Rb1 g5 30. Qxd7+ Qxd7 31. Rb8+ Qc8 32. Rxc8# 1-0

[Event "IECG CP.2002.P.00061 email"]
[Site "IECG email"]
[Date "2002.10.01"]
[Round "?"]
[White "Frignani, Gianmaria"]
[Black "Abbiati, Gianluigi"]
[Result "1-0"]
[WhiteElo "1200"]
[BlackElo "800"]
[PlyCount "71"]
[EventDate "2002.10.01"]
[EventType "tourn (corr)"]
[EventRounds "6"]
[EventCountry "ITA"]
[SourceTitle "Corr 2008"]
[Source "ChessBase"]
[SourceDate "2008.06.24"]
[SourceVersion "1"]
[SourceVersionDate "2008.06.24"]
[SourceQuality "1"]

1. e4 c5 2. Nf3 Nf6 3. e5 Nd5 4. Nc3 e6 5. Nxd5 exd5 6. d4 Nc6 7. dxc5 Bxc5 8. Qxd5 Qb6 9. Bc4 Bxf2+ 10. Ke2 0-0 11. Rf1 Bc5 12. c3 d6 13. b4 Be6 14. Qd3 Nxe5 15. Nxe5 dxe5 16. bxc5 Qxc5 17. Bxe6 fxe6 18. Be3 Qc6 19. Rxf8+ Rxf8 20. Rf1 Qxg2+ 21. Rf2 Qg4+ 22. Ke1 Qg1+ 23. Qf1 Qxf1+ 24. Kxf1 Ra8 25. c4 a6 26. Ke2 Rc8 27. c5 a5 28. Kd3 Rd8+ 29. Ke4 h6 30. Rd2 Rf8 31. Kxe5 Rf1 32. Rb2 Rf7 33. Kxe6 a4 34. Rf2 Rc7 35. Rd2 g5 36. Rd7 1-0